| 000 | 00391nam a22001217a 4500 | ||
|---|---|---|---|
| 020 | _a9787101048391 | ||
| 082 |
_a848 _bXIA |
||
| 245 |
_aFeel the world and handed down: the road of literature Liang (Chinese Edition) / _cXia Xiao Hong |
||
| 260 |
_aChina : _bZhonghua, _c2006. |
||
| 300 |
_a289 p. ; _c23 cm. |
||
| 880 |
_6245-02\r _a感受世界与传世:梁文学之路 / |
||
| 942 |
_2ddc _cBK |
||
| 999 |
_c591763 _d591763 |
||